| 000 | 00400cam a2200169ua 4500 | ||
|---|---|---|---|
| 020 | _c22.40 | ||
| 041 |
_aeng _h |
||
| 082 |
_a541.394 _bNIE/KI |
||
| 100 | _aNielsen, Arne E . | ||
| 245 |
_aKinetics of Pre cipitation / _cE Arne. _hTextual Documents |
||
| 260 |
_a : _bPreguman Press , _c1954. |
||
| 300 | _a153 ; . | ||
| 365 | _a22.40 | ||
| 504 | _a | ||
| 942 | _cBK | ||
| 999 |
_c3188 _d3188 |
||